000 00554nam a22001817a 4500
999 _c183589
_d183589
005 20211229121239.0
010 _aENG-130741
020 _a978-93-887-540-88
_c399.00
035 _aEN-114273
037 _bDBAD
082 _aN
100 _aAmish
245 _aRaavan:
_cEnemy of Aryavarta/
_bAmish
260 _aChennai
_bWestland Publication Private Limited
_c2019
270 _a1st Floor, A Block, East Wingh, Plot No. SP Infocity, Dr MGR Salai, Pergundi, Kandanchavadi
_bChennai
_e600096
300 _a374p
_c19cm(pbk)
942 _2ddc
_cEN
_hN
_mAMI